[Event "Berlin-ch Seniors op 35th"]
[Site "Berlin"]
[Date "2019.02.06"]
[Round "8"]
[White "Paul, Reinhart"]
[Black "Burchardt, Brigitte"]
[Result "0-1"]
[WhiteElo "1988"]
[BlackElo "2166"]
[PlyCount "52"]
[EventDate "2019.01.29"]
[EventType "swiss"]
[EventRounds "9"]
[EventCountry "GER"]
[SourceTitle "CBM 189 Extra"]
[Source "ChessBase"]
[SourceDate "2019.06.03"]
[SourceVersion "1"]
[SourceVersionDate "2019.06.03"]
[SourceQuality "1"]

1. e4 c5 2. Nf3 d6 3. d4 cxd4 4. Nxd4 Nf6 5. Nc3 a6 6. a4 e5 7. Nf3 Be7 8. Be2 0-0 9. 0-0 Qc7 10. Be3 Be6 11. a5 Nbd7 12. Nd2 d5 13. exd5 Nxd5 14. Nxd5 Bxd5 15. c4 Bc6 16. Qb3 f5 17. f4 e4 18. Qc3 Nc5 19. Bd4 Ne6 20. Be5 Bd6 21. b4 Bxe5 22. Qxe5 Qxe5 23. fxe5 Nd4 24. Rae1 Rae8 25. b5 axb5 26. cxb5 Nxe2+ 0-1

[Event "Berlin-ch Seniors op 35th"]
[Site "Berlin"]
[Date "2019.01.31"]
[Round "3"]
[White "Stein, Siegfried"]
[Black "Paul, Reinhart"]
[Result "1/2-1/2"]
[WhiteElo "1831"]
[BlackElo "1988"]
[PlyCount "167"]
[EventDate "2019.01.29"]
[EventType "swiss"]
[EventRounds "9"]
[EventCountry "GER"]
[SourceTitle "CBM 189 Extra"]
[Source "ChessBase"]
[SourceDate "2019.06.03"]
[SourceVersion "1"]
[SourceVersionDate "2019.06.03"]
[SourceQuality "1"]

1. e4 d5 2. exd5 Qxd5 3. Nc3 Qa5 4. d4 Nf6 5. Nf3 e6 6. Bd3 h6 7. Bd2 Qb6 8. 0-0 Bd7 9. Qe2 Bd6 10. Rfd1 Nc6 11. Nb5 a6 12. Nxd6+ cxd6 13. c3 Ne7 14. a4 0-0 15. b4 a5 16. b5 Rfe8 17. Re1 Rac8 18. Rac1 Nfd5 19. c4 Nb4 20. Bxb4 axb4 21. Qd2 Qa5 22. Ra1 b6 23. Reb1 d5 24. Qxb4 Qxb4 25. Rxb4 dxc4 26. Rxc4 Nd5 27. Ne5 Rcd8 28. g3 g6 29. Be4 Kg7 30. Rac1 Re7 31. Bxd5 exd5 32. Rc7 Kf8 33. Nxd7+ Rdxd7 34. Rxd7 Rxd7 35. Rc6 Ra7 36. Rxb6 Rxa4 37. Kf1 Rxd4 38. Ke2 Ke7 39. Ke3 Rd1 40. Rc6 Rb1 41. b6 Kd7 42. Rc7+ Kd8 43. Rxf7 Rxb6 44. Kd4 Ke8 45. Rf3 Ke7 46. Kxd5 Rb5+ 47. Kc4 Ra5 48. h4 Ke6 49. Kd4 Rd5+ 50. Ke4 Re5+ 51. Kd3 Ra5 52. Ke2 Ra2+ 53. Kf1 h5 54. Kg2 Rb2 55. Rf4 Ke5 56. Ra4 Kf6 57. Ra6+ Kg7 58. Ra7+ Kf6 59. Ra3 Rc2 60. Rf3+ Kg7 61. Kh3 Rc4 62. Re3 Kf6 63. f3 Rc1 64. Ra3 Rc6 65. g4 hxg4+ 66. Kxg4 Rb6 67. Ra4 Rc6 68. Ra3 Rb6 69. Ra4 Rc6 70. Kf4 Rb6 71. Kg3 Rc6 72. Ra5 Rb6 73. f4 Rc6 74. h5 gxh5 75. Rxh5 Kf7 76. Ra5 Rb6 77. Kg4 Rc6 78. Ra7+ Kf8 79. f5 Rb6 80. f6 Rb1 81. Re7 Rg1+ 82. Kf5 Rf1+ 83. Ke6 Re1+ 84. Kd7 1/2-1/2

[Event "Berlin Eckbauer op 21st"]
[Site "Berlin"]
[Date "2018.10.15"]
[Round "2"]
[White "Paul, Reinhart"]
[Black "Heerde, Thomas"]
[Result "0-1"]
[WhiteElo "1988"]
[BlackElo "2027"]
[PlyCount "48"]
[EventDate "2018.10.08"]
[EventType "swiss"]
[EventRounds "7"]
[EventCountry "GER"]
[SourceTitle "CBM 189 Extra"]
[Source "ChessBase"]
[SourceDate "2019.06.03"]
[SourceVersion "1"]
[SourceVersionDate "2019.06.03"]
[SourceQuality "1"]

1. e4 c5 2. c3 g6 3. d4 cxd4 4. cxd4 d5 5. exd5 Nf6 6. Nf3 Nxd5 7. Bc4 Nb6 8. Bb3 Bg7 9. 0-0 0-0 10. h3 a5 11. Nc3 Bd7 12. Bg5 a4 13. Nd5 Nxd5 14. Bxd5 Bb5 15. Bxb7 Ra7 16. Be4 Bxf1 17. Kxf1 Qb6 18. Rb1 Nc6 19. Be3 Nb4 20. Kg1 Qb5 21. b3 a3 22. Qd2 f5 23. Bc2 f4 24. Bxf4 Nxc2 0-1

[Event "Berlin Eckbauer op 19th"]
[Site "Berlin"]
[Date "2016.11.14"]
[Round "5"]
[White "Paul, Reinhart"]
[Black "Krefenstein, Sergej"]
[Result "0-1"]
[WhiteElo "2033"]
[BlackElo "2176"]
[PlyCount "30"]
[EventDate "2016.10.10"]
[EventType "swiss"]
[EventRounds "7"]
[EventCountry "GER"]
[SourceTitle "EXT 2022"]
[Source "ChessBase"]
[SourceDate "2021.10.06"]
[SourceVersion "1"]
[SourceVersionDate "2021.10.06"]
[SourceQuality "1"]

1. e4 e6 2. d4 d5 3. Nd2 Nf6 4. e5 Nfd7 5. Bd3 c5 6. c3 Nc6 7. Ndf3 Be7 8. Ne2 0-0 9. 0-0 f5 10. exf6 Nxf6 11. Re1 cxd4 12. Nfxd4 Nxd4 13. Nxd4 e5 14. Rxe5 Ng4 15. Nf5 Nxe5 0-1

[Event "Berlin Eckbauer op 19th"]
[Site "Berlin"]
[Date "2016.10.10"]
[Round "1"]
[White "Gerisch, Hans Dieter"]
[Black "Paul, Reinhart"]
[Result "1/2-1/2"]
[WhiteElo "1511"]
[BlackElo "2033"]
[PlyCount "56"]
[EventDate "2016.10.10"]
[EventType "swiss"]
[EventRounds "7"]
[EventCountry "GER"]
[SourceTitle "EXT 2022"]
[Source "ChessBase"]
[SourceDate "2021.10.06"]
[SourceVersion "1"]
[SourceVersionDate "2021.10.06"]
[SourceQuality "1"]

1. e4 c5 2. Nf3 d6 3. d4 cxd4 4. Nxd4 Nf6 5. Nc3 e5 6. Nb3 a6 7. Bd3 Be7 8. 0-0 0-0 9. f3 b5 10. a3 Qb6+ 11. Kh1 Bb7 12. Qe1 Nbd7 13. Be3 Qc7 14. Qd2 Rfd8 15. Rad1 Kh8 16. Qc1 d5 17. exd5 Nxd5 18. Nxd5 Bxd5 19. Be2 Nb6 20. Nd2 Rac8 21. Bd3 Qb7 22. Rf2 Be6 23. Nf1 Nc4 24. Bxc4 Bxc4 25. Rxd8+ Bxd8 26. Ng3 Bb6 27. Bxb6 Qxb6 28. Rd2 Be6 1/2-1/2

[Event "Berlin Eckbauer op 18th"]
[Site "Berlin"]
[Date "2015.11.09"]
[Round "5"]
[White "Paul, Reinhart"]
[Black "Schmidt, Michael3333"]
[Result "1/2-1/2"]
[WhiteElo "2026"]
[BlackElo "1532"]
[PlyCount "45"]
[EventDate "2015.10.05"]
[EventType "swiss"]
[EventRounds "7"]
[EventCountry "GER"]
[SourceTitle "EXT 2022"]
[Source "ChessBase"]
[SourceDate "2021.10.06"]
[SourceVersion "1"]
[SourceVersionDate "2021.10.06"]
[SourceQuality "1"]

1. e4 e5 2. Nf3 Nc6 3. Bc4 Bc5 4. b4 Bxb4 5. c3 Ba5 6. 0-0 Bb6 7. d4 d6 8. Bg5 f6 9. Be3 Na5 10. Bd3 Be6 11. Nbd2 Ne7 12. c4 exd4 13. Bxd4 Nac6 14. Bc3 0-0 15. Nb3 Ne5 16. Nfd4 Bd7 17. Be2 N7c6 18. f4 Nxd4 19. Bxd4 Nc6 20. Bxb6 axb6 21. f5 Ne5 22. Nd4 Qe7 23. Qb3 1/2-1/2

[Event "Berlin-ch Seniors op 31st"]
[Site "Berlin"]
[Date "2015.01.31"]
[Round "3"]
[White "Paul, Reinhart"]
[Black "Kleinert, Michael"]
[Result "1/2-1/2"]
[WhiteElo "1927"]
[BlackElo "1688"]
[PlyCount "70"]
[EventDate "2015.01.29"]
[EventType "swiss"]
[EventRounds "9"]
[EventCountry "GER"]
[SourceTitle "EXT 2018"]
[Source "ChessBase"]
[SourceDate "2017.10.13"]
[SourceVersion "1"]
[SourceVersionDate "2017.10.13"]
[SourceQuality "1"]

1. d4 f5 2. c4 Nf6 3. Nf3 d6 4. e3 c6 5. Bd3 e6 6. 0-0 Be7 7. Nc3 0-0 8. Qc2 Qe8 9. Re1 d5 10. cxd5 cxd5 11. Nb5 Na6 12. Bd2 Bd7 13. Qb3 Qb8 14. Ne5 Bxb5 15. Qxb5 Nc7 16. Qb3 Rd8 17. Bb4 Bd6 18. Bxd6 Rxd6 19. Rac1 Rb6 20. Qc3 Nce8 21. Rc2 Qd6 22. Rec1 Nd7 23. Nxd7 Qxd7 24. Qd2 Rd8 25. b3 a6 26. f3 Rd6 27. Rc5 Qf7 28. Qc2 h5 29. a4 h4 30. h3 Qf6 31. f4 g5 32. fxg5 Qxg5 33. Qf2 R6d7 34. Qf4 Qxf4 35. exf4 Nf6 1/2-1/2

[Event "Berlin-ch Seniors op 30th"]
[Site "Berlin"]
[Date "2014.01.30"]
[Round "1"]
[White "Scholz, Werner"]
[Black "Paul, Reinhart"]
[Result "0-1"]
[WhiteElo "1538"]
[BlackElo "1873"]
[PlyCount "108"]
[EventDate "2014.01.30"]
[EventType "swiss"]
[EventRounds "9"]
[EventCountry "GER"]
[SourceTitle "EXT 2018"]
[Source "ChessBase"]
[SourceDate "2017.10.13"]
[SourceVersion "1"]
[SourceVersionDate "2017.10.13"]
[SourceQuality "1"]

1. d4 Nf6 2. Nf3 g6 3. c4 Bg7 4. Nc3 0-0 5. e4 d6 6. Be3 Nbd7 7. Be2 a6 8. 0-0 c5 9. d5 h6 10. h3 Kh7 11. Qc2 Rb8 12. g4 Ng8 13. Kg2 Qa5 14. a4 Qc7 15. Rh1 Ndf6 16. Rag1 e5 17. Kf1 Bd7 18. g5 Nh5 19. h4 f5 20. gxh6 Bxh6 21. Ng5+ Bxg5 22. hxg5 f4 23. Bc1 f3 24. Bd1 Qc8 25. Rxh5+ gxh5 26. g6+ Kg7 27. Qd2 Bg4 28. Qg5 Rf6 29. Ke1 Rxg6 30. Qh4 Qd8 31. Qg3 Qf6 32. Qh2 Nh6 33. Be3 Nf7 34. Nb1 Ng5 35. Nd2 Rf8 36. Bc2 Nh3 37. Rg3 Nf4 38. Nf1 Ng2+ 39. Kd2 h4 40. Rxg2 fxg2 41. Qxg2 Qf3 42. Qxf3 Bxf3 43. Nh2 Rg2 44. Nxf3 Rxf3 45. Bd1 Rf6 46. Be2 Rg1 47. f4 Rb1 48. fxe5 dxe5 49. Kc2 h3 50. d6 Re1 51. Kd2 Rxe2+ 52. Kxe2 h2 53. d7 Rd6 54. Bf4 exf4 0-1

[Event "Berlin Lichtenberger op 7th"]
[Site "Berlin"]
[Date "2008.08.24"]
[Round "9"]
[White "Paul, Reinhart"]
[Black "Ruehrmund, Daniel"]
[Result "1/2-1/2"]
[WhiteElo "2155"]
[BlackElo "1823"]
[PlyCount "42"]
[EventDate "2008.08.16"]
[EventType "swiss"]
[EventRounds "9"]
[EventCountry "GER"]
[SourceTitle "CBM 126 Extra"]
[Source "ChessBase"]
[SourceDate "2008.11.05"]
[SourceVersion "1"]
[SourceVersionDate "2008.11.05"]
[SourceQuality "1"]

1. d4 Nf6 2. Nf3 c5 3. c3 e6 4. g3 b5 5. Bg2 Bb7 6. 0-0 Be7 7. Re1 0-0 8. Nbd2 d5 9. Qc2 Nbd7 10. e3 Qc7 11. dxc5 Nxc5 12. Nb3 Nfe4 13. Bd2 a6 14. Rac1 Rac8 15. Nfd4 Rfd8 16. f3 Nf6 17. Nxc5 Bxc5 18. f4 Qd7 19. Kh1 Ne4 20. Rf1 Bxd4 21. exd4 f5 1/2-1/2

[Event "Berlin Lichtenberger op 7th"]
[Site "Berlin"]
[Date "2008.08.23"]
[Round "8"]
[White "Schink, Barbara"]
[Black "Paul, Reinhart"]
[Result "1-0"]
[WhiteElo "2046"]
[BlackElo "2155"]
[PlyCount "125"]
[EventDate "2008.08.16"]
[EventType "swiss"]
[EventRounds "9"]
[EventCountry "GER"]
[SourceTitle "CBM 126 Extra"]
[Source "ChessBase"]
[SourceDate "2008.11.05"]
[SourceVersion "1"]
[SourceVersionDate "2008.11.05"]
[SourceQuality "1"]

1. e4 e5 2. Nf3 Nc6 3. Bb5 a6 4. Ba4 Nf6 5. 0-0 Be7 6. Re1 b5 7. Bb3 0-0 8. d4 d6 9. c3 Na5 10. Bc2 Bg4 11. d5 h6 12. h3 Bh5 13. Nbd2 c5 14. b3 Rc8 15. Nf1 Qd7 16. Ng3 Bg6 17. Nh4 Nh7 18. Nhf5 Bg5 19. h4 Bxc1 20. Rxc1 Nf6 21. Qf3 Nb7 22. Nxh6+ gxh6 23. Qxf6 Qd8 24. Qxd8 Nxd8 25. Bd1 Rc7 26. Bg4 Kg7 27. Re3 Rh8 28. h5 Bh7 29. Rf3 f6 30. Bf5 Nf7 31. Bxh7 Rxh7 32. Nf5+ Kf8 33. Nxd6 Nxd6 34. Rxf6+ Nf7 35. Rxa6 Ng5 36. Ra8+ Ke7 37. f3 Rg7 38. Kf2 Nf7 39. Rd1 Rg5 40. g4 Rg7 41. Rb8 Nd6 42. Rh8 Rf7 43. Rxh6 Nxe4+ 44. Ke3 Nd6 45. Re6+ Kd7 46. Rxe5 Ra7 47. Rd2 Ra3 48. h6 b4 49. Rh5 bxc3 50. Rc2 Rh7 51. Kf4 Nb5 52. Kg5 c4 53. Kg6 cxb3 54. axb3 Rh8 55. Kg7 Raa8 56. h7 Rac8 57. f4 Kd6 58. b4 Kd7 59. Re5 Kd6 60. g5 Rhf8 61. g6 Rxf4 62. Rh5 Nd4 63. Rxc3 1-0

[Event "Largs Premier op"]
[Site "Largs"]
[Date "1997.??.??"]
[Round "3"]
[White "Norris, Alan J"]
[Black "Paul, Reinhart"]
[Result "1-0"]
[WhiteElo "2285"]
[BlackElo "2155"]
[PlyCount "31"]
[EventDate "1997.??.??"]
[EventType "swiss"]
[EventRounds "5"]
[EventCountry "SCO"]
[SourceTitle "EXT 2001"]
[Source "ChessBase"]
[SourceDate "2000.11.22"]
[SourceVersion "1"]
[SourceVersionDate "2000.11.22"]
[SourceQuality "1"]

1. e4 e6 2. d4 d5 3. Nc3 dxe4 4. Nxe4 Nd7 5. Nf3 Ngf6 6. Nxf6+ Nxf6 7. Bd3 c5 8. 0-0 cxd4 9. Nxd4 Bc5 10. Nb3 Be7 11. Bf4 0-0 12. Qe2 Nd5 13. Bg3 Bf6 14. Rad1 Qe7 15. c4 Nb4 16. Bd6 1-0